Štúdium materiálových vlastností a adhézie povlakov pomocou akustickej emisie
Gespeichert in:
| 1. Verfasser: | |
|---|---|
| Weitere Verfasser: | |
| Format: | Manuskript Buch |
| Sprache: | Slowakisch |
| Veröffentlicht: |
2022
|
| Schlagworte: | |
| Online-Zugang: | http://is.stuba.sk/zp/portal_zp.pl?podrobnosti=132481 |
| Tags: |
Keine Tags, Fügen Sie das erste Tag hinzu!
|
MARC
| LEADER | 00000ntm a22000003a 4500 | ||
|---|---|---|---|
| 001 | stuzp57869 | ||
| 003 | SK-STU | ||
| 005 | 20221111230642.6 | ||
| 007 | ta | ||
| 008 | 150427s2015----xo-----f-mn---000-0-slo-d | ||
| 040 | |a STU |b slo | ||
| 041 | 0 | |a slo | |
| 100 | 1 | |a Drobný, Peter |u 061000 |4 aut |U MTF Materiálovotechnologická fakulta |T MTF Ústav materiálov |X 41733 |U M1000 |Y 81 |7 41733 | |
| 242 | 0 | 1 | |a Material characterization study and adhesion properties of coatings by acoustic emission |y eng |
| 245 | 1 | 0 | |a Štúdium materiálových vlastností a adhézie povlakov pomocou akustickej emisie |
| 260 | |c 2022 | ||
| 650 | 4 | |a indentácia |2 slo | |
| 650 | 4 | |a mechanické vlastnosti tvrdých povlakov |2 slo | |
| 650 | 4 | |a akustická emisia |2 slo | |
| 650 | 4 | |a adhézia |2 slo | |
| 650 | 4 | |a hard coatings mechanical properties |2 eng | |
| 650 | 4 | |a adhesion |2 eng | |
| 650 | 4 | |a indentation |2 eng | |
| 650 | 4 | |a acoustic emission |2 eng | |
| 700 | 1 | |a Čaplovič, Ľubomír |u 061000 |k Z1 |4 ths |U MTF Materiálovotechnologická fakulta |T MTF Ústav materiálov |X 315 |U M1000 |Y 81 |7 A000000315 | |
| 856 | 4 | |u http://is.stuba.sk/zp/portal_zp.pl?podrobnosti=132481 | |
| 996 | |c M* DzP-691 |l MMSKP |s P |a 0 |w stuzp57869_0001 | ||